Alimentos frescos : guía de exportación sectorial /
שמור ב:
| פורמט: | ספר |
|---|---|
| שפה: | ספרדית |
| נושאים: | |
| תגים: |
אין תגיות, היה/י הראשונ/ה לתייג את הרשומה!
|
MARC
| LEADER | 00000nam^a2200000^a^4500 | ||
|---|---|---|---|
| 001 | 000275603 | ||
| 005 | 20250521000000.0 | ||
| 009 | 20260310111236.191 | ||
| 037 | |a Acervo ITESO - Biblioteca | ||
| 041 | |a ESP | ||
| 082 | |a 382. 0972 |b ALI | ||
| 245 | 1 | 0 | |a Alimentos frescos : |b guía de exportación sectorial / |c Responsables de la publicación Carlos Sinencio González, Rosa Ma. Vaca Rivera. |
| 264 | |a México : |b Banco Nacional de Comercio Exterior, |c 1999 | ||
| 300 | |a 192 p. | ||
| 336 | |a texto |b txt |2 rdacontenido | ||
| 337 | |a sin mediación |b n |2 rdamedio | ||
| 338 | |a volumen |b nc |2 rdasoporte | ||
| 649 | |a XX | ||
| 650 | |a Frutas - |z México | ||
| 650 | |a Verduras y Legumbres - |z México | ||
| 650 | |a Industria Alimenticia - |z México | ||
| 650 | |a Mercadotecnia de Exportación - |z México | ||
| 650 | |a Exportaciones - |z México | ||
| 650 | |a Comercio Exterior - |z México | ||
| 650 | |a Economía | ||
| 910 | |a Fondo General | ||
| 920 | |a Impresos - Libros | ||
| 930 | |a Reserva Especial | ||
| 905 | |a 103 | ||
| 901 | |a 0500039804 |b IT1 |c REE |u 20250521 | ||
| 902 | |a https://opac.biblio.iteso.mx/vufind/Record/000275603 | ||